Venire contra factum proprium Escritos sobre la fundamentacin̤, alcance y lm̕ites de la doctrina de los actos propios /

Detalles Bibliográficos
Autor principal: Corral Talciani, Hernǹ
Formato: eBook
Lenguaje:español
Publicado: Santiago de Chile: Universidad de los Andes (Chile), 2010
Materias:
Acceso en línea:Acceso restringido

MARC

LEADER 00000nam a22000007a 4500
005 20180402205023.0
007 cr|||| |||
008 180402s2010 cl |||||s|||| 00||0 spa d
020 |a 978-956-7160-57-0 
035 |a 21292 
040 |a vLex 
090 |c 7627  |d 7627 
100 1 |a Corral Talciani, Hernǹ 
245 1 0 |a Venire contra factum proprium  |h [Recurso electrn̤ico] :  |b Escritos sobre la fundamentacin̤, alcance y lm̕ites de la doctrina de los actos propios /  |c Hernǹ Corral Talciani 
256 |a Servicio en ln̕ea 
260 |a Santiago de Chile:  |b Universidad de los Andes (Chile),  |c 2010 
300 |a 1 recurso electrn̤ico 
506 1 |a Disponible solo en los productos indicados  |d vLex Global  |d vLex Global (Academic Edition, excluding Law Schools)  |d vLex Global (U.S. Academic Edition, Law Schools)  |d vLex Global (U.S. Academic Edition, excluding Law Schools)  |d vLex Global (Academic Edition, Law Schools) 
650 0 4 |a Derecho Civil  |z Chile 
740 0 |a vLex Libros (Servicio en ln̕ea) 
856 4 0 |u http://vlex.com/source/venire-contra-factum-proprium-escritos-sobre-la-fundamentacion-alcance-y-limites-de-la-doctrina-de-los-actos-propios-21292  |z Acceso restringido 
942 |c BOOK 
999 0 |a Civil Law